<?xml version="1.0" encoding="UTF-8"?>
<record
    xmlns:xsi="http://www.w3.org/2001/XMLSchema-instance"
    xsi:schemaLocation="http://www.loc.gov/MARC21/slim http://www.loc.gov/standards/marcxml/schema/MARC21slim.xsd"
    xmlns="http://www.loc.gov/MARC21/slim">

  <leader>05852nam a2200421 a 4500</leader>
  <controlfield tag="001">dia_4785</controlfield>
  <controlfield tag="003">CHAP</controlfield>
  <controlfield tag="005">20241014173455.0</controlfield>
  <controlfield tag="007">ta</controlfield>
  <controlfield tag="008">220117s2011    mx abdofrm    001 0 spa d</controlfield>
  <datafield tag="010" ind1=" " ind2=" ">
    <subfield code="a">175544</subfield>
  </datafield>
  <datafield tag="040" ind1=" " ind2=" ">
    <subfield code="c">CHAP</subfield>
    <subfield code="a">mxchpua</subfield>
  </datafield>
  <datafield tag="090" ind1=" " ind2=" ">
    <subfield code="a">Tesis </subfield>
    <subfield code="b">M372 </subfield>
    <subfield code="c">2011</subfield>
  </datafield>
  <datafield tag="100" ind1="1" ind2=" ">
    <subfield code="a">Mart&#xED;nez Aguilar, Aurea</subfield>
  </datafield>
  <datafield tag="240" ind1="1" ind2="0">
    <subfield code="a">Sociotechnical study to promote expansion of denomination of origin mezcal to the producers of the state of Puebla area.</subfield>
    <subfield code="l">Espa&#xF1;ol</subfield>
  </datafield>
  <datafield tag="245" ind1="1" ind2="0">
    <subfield code="a">Estudio sociot&#xE9;cnico para promover la ampliaci&#xF3;n de la denominaci&#xF3;n de origen mezcal a la zona productora del estado de Puebla /</subfield>
    <subfield code="c">Aurea Mart&#xED;nez Aguilar y Mart&#xED;n Mart&#xED;nez Hern&#xE1;ndez</subfield>
  </datafield>
  <datafield tag="264" ind1=" " ind2=" ">
    <subfield code="a">Chapingo, M&#xE9;xico :</subfield>
    <subfield code="b">El autor,</subfield>
    <subfield code="c">2011</subfield>
  </datafield>
  <datafield tag="300" ind1=" " ind2=" ">
    <subfield code="a">166 hojas :</subfield>
    <subfield code="b">ilustraciones, tablas, gr&#xE1;ficas, mapas, fotos +</subfield>
    <subfield code="e">1 CD-ROM</subfield>
  </datafield>
  <datafield tag="336" ind1=" " ind2=" ">
    <subfield code="2">rdacontent</subfield>
    <subfield code="a">texto</subfield>
    <subfield code="b">txt</subfield>
  </datafield>
  <datafield tag="337" ind1=" " ind2=" ">
    <subfield code="2">rdamedia</subfield>
    <subfield code="a">no mediado</subfield>
    <subfield code="b">n</subfield>
  </datafield>
  <datafield tag="338" ind1=" " ind2=" ">
    <subfield code="2">rdacarrier</subfield>
    <subfield code="a">volumen</subfield>
    <subfield code="b">nc</subfield>
  </datafield>
  <datafield tag="502" ind1=" " ind2=" ">
    <subfield code="a">Tesis </subfield>
    <subfield code="b">(Ingeniero Agroindustrial) --</subfield>
    <subfield code="c">UACh. Departamento de Ingenier&#xED;a Agroindustrial,</subfield>
    <subfield code="d">2011</subfield>
  </datafield>
  <datafield tag="504" ind1=" " ind2=" ">
    <subfield code="a">Bibliograf&#xED;a: hojas 105-109</subfield>
  </datafield>
  <datafield tag="520" ind1="3" ind2=" ">
    <subfield code="a">Se estudiaron seis f&#xE1;bricas de destilado de agave "mezcal" en el estado de Puebla, en los municipios de Coatzingo, Huehuetl&#xE1;n el Grande, San Diego la Mesa Tochimiltzingo, Tepeojuma y Xochitl&#xE1;n Todos Santos. Los productores de esta zona deben comercializar su producto como destilado o licor de agave debido a que no cuentan con la protecci&#xF3;n de la Denominaci&#xF3;n de Origen Mezcal, esta fue emitida el 28 de noviembre de 1994 para los estados de Oaxaca, Guerrero, Durango, San Luis Potos&#xED; y Zacatecas y en 2001 se public&#xF3; la inclusi&#xF3;n dentro de la regi&#xF3;n geogr&#xE1;fica protegida a un municipio del estado de Guanajuato y en 2003 a 11 municipios del estado de Tamaulipas. En las f&#xE1;bricas de la zona de estudio se observ&#xF3; cada una de las fases del proceso de producci&#xF3;n desde el corte del agave hasta la obtenci&#xF3;n del producto final. Se entrevist&#xF3; a los productores sobre el manejo del agave y se visitaron algunas plantaciones, adem&#xE1;s se caracteriz&#xF3; en la zona de estudio el sistema de producci&#xF3;n de esta bebida. Se colect&#xF3; mezcal en cada una de las f&#xE1;bricas y se realizaron las pruebas fisicoqu&#xED;micas que marca la Norma Oficial Mexicana NOM-070-SCFI-1994. Se encontr&#xF3; que la zona de estudio comparte caracter&#xED;sticas geogr&#xE1;ficas, culturales y elementos representativos del proceso de elaboraci&#xF3;n con los estados actualmente protegidos. Las pruebas fisicoqu&#xED;micas indican que el destilado de la zona de estudio se elabora bajo los par&#xE1;metros establecidos, falta ajustar la acidez para adecuarse en su totalidad a la norma. Se comprob&#xF3; que los municipios estudiados han desarrollado una vocaci&#xF3;n productiva e industrial tradicional, con base en el conocimiento emp&#xED;rico que se ha transmitido de generaci&#xF3;n en generaci&#xF3;n, esto les han dado una identidad como pueblos mezcaleros y por tanto un estilo de vida que tiene sus ra&#xED;ces en la producci&#xF3;n de agaves y el destilado, envasado y comercializaci&#xF3;n de su producto. As&#xED; es que no existen argumentos de tipo territorial, fisiogr&#xE1;fico, clim&#xE1;tico, edafol&#xF3;gico o forma de producci&#xF3;n que excluyan a la zona de estudio para ser protegida bajo la Denominaci&#xF3;n de Origen Mezcal </subfield>
  </datafield>
  <datafield tag="520" ind1="3" ind2=" ">
    <subfield code="a">Six factories of distilled agave "mezcal" in the state of Puebla were studied, in the municipalities of Coatzingo, Huehuetl&#xE1;n el Grande, San Diego la Mesa Tochimiltzingo, Tepeojuma and Xochitl&#xE1;n Todos Santos. The producers of this area should market their product as distillate or liqueur of agave without the protection of the appellation of origin Mezcal, this was issued on November 28, 1994 for the states of Oaxaca, Guerrero, Durango, San Luis Potosi and Zacatecas and in 2001 was published the inclusion within the geographical region to one municipalities in the state of Guanajuato and in 2003 eleven municipalities in the state of Tamaulipas. In the factories of the area of study were studied each of the phases of the production process from agave court until the final output. The producers were interviewed about the handling of agave and visited some plantations, study area also characterize this beverage production system. It was collected mezcal in each of the factories and were tested with physic-chemical analysis marking by standard Official Mexican Norm NOM-070-SCFI-1994. It found that in the zone of study, the geographical, cultural characteristics and representative elements of the process with the currently protected states are shared. Physic-chemical tests indicate that the distillate is elaborated under the established parameters, only need to adjust the acidity, acording to standard. It found that the surveyed municipalities have developed a traditional productive and industrial vocation, based on empirical knowledge that has been transmitted from generation to generation, they have given an identity as peoples mezcaleros and thus a lifestyle that has its roots in the production of agave, distilling, packaging and marketing of their product. For this reason there are no arguments of territorial, physiographic, climate, soil type or form of production which exclude to the zone of study to be protected under the Denomination of Origin Mezcal.</subfield>
  </datafield>
  <datafield tag="650" ind1="1" ind2="3">
    <subfield code="a">Mezcal</subfield>
    <subfield code="2">atg</subfield>
    <subfield code="x">M&#xE9;xico  </subfield>
  </datafield>
  <datafield tag="650" ind1="1" ind2="3">
    <subfield code="a">Alcoholes et&#xED;licos  </subfield>
    <subfield code="2">atg</subfield>
  </datafield>
  <datafield tag="650" ind1="1" ind2="3">
    <subfield code="a">Distilled spirits</subfield>
    <subfield code="2">atg</subfield>
  </datafield>
  <datafield tag="700" ind1="1" ind2=" ">
    <subfield code="a">Mart&#xED;nez Hern&#xE1;ndez, Mart&#xED;n</subfield>
    <subfield code="e">autor</subfield>
  </datafield>
  <datafield tag="700" ind1="1" ind2=" ">
    <subfield code="a">Morales Santos, Tayde</subfield>
    <subfield code="e">directora</subfield>
  </datafield>
  <datafield tag="700" ind1="1" ind2=" ">
    <subfield code="a">Esparza Torres, F&#xE9;lix</subfield>
    <subfield code="e">asesor</subfield>
  </datafield>
  <datafield tag="700" ind1="1" ind2=" ">
    <subfield code="a">Villegas de Gante, Abraham Zacarias</subfield>
    <subfield code="e">asesor</subfield>
  </datafield>
  <datafield tag="856" ind1=" " ind2=" ">
    <subfield code="u">http://10.13.5.2/tesis/112996.pdf</subfield>
    <subfield code="y">DESCARGAR PDF</subfield>
  </datafield>
  <datafield tag="901" ind1=" " ind2=" ">
    <subfield code="a">TESIS M372 2011</subfield>
  </datafield>
  <datafield tag="902" ind1=" " ind2=" ">
    <subfield code="a">M</subfield>
  </datafield>
  <datafield tag="905" ind1=" " ind2=" ">
    <subfield code="a">5232272011                          mx adnl8223223322spa16</subfield>
  </datafield>
  <datafield tag="942" ind1=" " ind2=" ">
    <subfield code="c">TESIS</subfield>
    <subfield code="2">Clasificaci&#xF3;n Universidad Aut&#xF3;noma Chapingo</subfield>
  </datafield>
  <datafield tag="999" ind1=" " ind2=" ">
    <subfield code="c">175544</subfield>
    <subfield code="d">175544</subfield>
  </datafield>
  <datafield tag="952" ind1=" " ind2=" ">
    <subfield code="0">0</subfield>
    <subfield code="1">0</subfield>
    <subfield code="2">local</subfield>
    <subfield code="4">0</subfield>
    <subfield code="5">1</subfield>
    <subfield code="7">0</subfield>
    <subfield code="8">TESIS</subfield>
    <subfield code="a">IA_</subfield>
    <subfield code="b">IA_</subfield>
    <subfield code="d">2022-01-18</subfield>
    <subfield code="e">El autor</subfield>
    <subfield code="l">0</subfield>
    <subfield code="o">Tesis M372 2011</subfield>
    <subfield code="p">1101005500</subfield>
    <subfield code="r">2026-02-02 00:00:00</subfield>
    <subfield code="t">Ej.2</subfield>
    <subfield code="y">TESIS</subfield>
  </datafield>
  <datafield tag="952" ind1=" " ind2=" ">
    <subfield code="0">0</subfield>
    <subfield code="1">0</subfield>
    <subfield code="2">local</subfield>
    <subfield code="4">0</subfield>
    <subfield code="5">1</subfield>
    <subfield code="7">0</subfield>
    <subfield code="8">TESIS</subfield>
    <subfield code="a">IA_</subfield>
    <subfield code="b">IA_</subfield>
    <subfield code="d">2022-01-18</subfield>
    <subfield code="e">El autor</subfield>
    <subfield code="l">0</subfield>
    <subfield code="o">Tesis M372 2011</subfield>
    <subfield code="p">1101006411</subfield>
    <subfield code="r">2026-02-02 00:00:00</subfield>
    <subfield code="t">Ej.1</subfield>
    <subfield code="y">TESIS</subfield>
  </datafield>
  <datafield tag="952" ind1=" " ind2=" ">
    <subfield code="0">0</subfield>
    <subfield code="1">0</subfield>
    <subfield code="2">local</subfield>
    <subfield code="4">0</subfield>
    <subfield code="5">1</subfield>
    <subfield code="7">0</subfield>
    <subfield code="8">TESIS</subfield>
    <subfield code="a">IA_</subfield>
    <subfield code="b">IA_</subfield>
    <subfield code="d">2022-01-18</subfield>
    <subfield code="e">El autor</subfield>
    <subfield code="l">0</subfield>
    <subfield code="o">Tesis M372 2011</subfield>
    <subfield code="p">1101006412</subfield>
    <subfield code="r">2022-01-18 00:00:00</subfield>
    <subfield code="t">Ej.3</subfield>
    <subfield code="y">CD</subfield>
  </datafield>
  <datafield tag="952" ind1=" " ind2=" ">
    <subfield code="0">0</subfield>
    <subfield code="1">0</subfield>
    <subfield code="2">local</subfield>
    <subfield code="4">0</subfield>
    <subfield code="5">1</subfield>
    <subfield code="7">0</subfield>
    <subfield code="8">TESIS</subfield>
    <subfield code="a">IA_</subfield>
    <subfield code="b">IA_</subfield>
    <subfield code="d">2022-01-18</subfield>
    <subfield code="e">El autor</subfield>
    <subfield code="l">0</subfield>
    <subfield code="o">Tesis M372 2011</subfield>
    <subfield code="p">1101006413</subfield>
    <subfield code="r">2022-01-18 00:00:00</subfield>
    <subfield code="t">Ej.4</subfield>
    <subfield code="y">CD</subfield>
  </datafield>
  <datafield tag="952" ind1=" " ind2=" ">
    <subfield code="0">0</subfield>
    <subfield code="1">0</subfield>
    <subfield code="2">local</subfield>
    <subfield code="4">0</subfield>
    <subfield code="7">0</subfield>
    <subfield code="8">TesDigL</subfield>
    <subfield code="a">IA_</subfield>
    <subfield code="b">IA_</subfield>
    <subfield code="c">E_L</subfield>
    <subfield code="d">2024-10-04</subfield>
    <subfield code="e">El autor</subfield>
    <subfield code="l">0</subfield>
    <subfield code="p">1201006411</subfield>
    <subfield code="r">2024-10-04 12:36:50</subfield>
    <subfield code="y">TD</subfield>
  </datafield>
</record>
